| 000 | 00515nam a2200181 a 4500 | ||
|---|---|---|---|
| 005 | 20210223123425.0 | ||
| 008 | 991125s1946 mx 000 0 spa u | ||
| 035 | _aUPN01000053258 | ||
| 049 | _aCG | ||
| 050 | 4 |
_aRC280 S8 _bF4.8 |
|
| 100 | 1 | _aFlores Espinosa, Jorge | |
| 245 | 1 | 0 |
_aSemiología del aparato digestivo / _cJorge Flores Espinosa. |
| 260 |
_aMéxico : _bECLAL, _c1946. |
||
| 300 | _axxiv, 698 p., [7] h. de láms. | ||
| 650 | 4 |
_aAPARATO DIGESTIVO _95252 |
|
| 650 | 4 |
_aESTOMAGO _924803 |
|
| 905 | _aLibro | ||
| 999 |
_c53258 _d53258 |
||